Ley Nº 19.880, sobre procedimientos administrativos, conferencias

Guardat en:
Dades bibliogràfiques
Autor corporatiu: Universidad Santo Tomás (Autor)
Format: Llibre
Idioma:espanyol
Publicat: Santiago Academia de Derecho 2003
Santiago Universidad Santo Tomás 2003
Matèries:
Etiquetes: Afegir etiqueta
Sense etiquetes, Sigues el primer a etiquetar aquest registre!

MARC

LEADER 00000nam a2200000 a 4500
001 UCK1155
003 CL-VaPUC
005 20210921074644.0
008 041105e20030000cl 1 spa d
020 |a 9567946000 
044 |a cl  |2 marc 
044 |a cl  |2 marc 
082 0 4 |a 342.83066  |b UNI  |2 21 
110 2 |a Universidad Santo Tomás  |e author  |9 620651 
245 1 0 |a Ley Nº 19.880, sobre procedimientos administrativos, conferencias 
260 |a Santiago  |b Academia de Derecho  |c 2003 
260 |a Santiago  |b Universidad Santo Tomás  |c 2003 
300 |a 234 p 
583 |a last modification  |c 20190826 08:55:31  |k Rodrigo Vera 
650 0 0 |a Derecho administrativo chileno  |9 461009 
650 0 0 |a Procedimiento administrativo  |9 256132 
650 0 7 |a LEY N§ 19.880  |2 CL-VaPUC  |9 620652 
942 |c BK 
945 |a cmena  |d 20041105 00:00:00 
546 |a En Español 
536 |a Colegio de Abogados de Chile A.G 
518 |p Conferencias Santo Tomás de Aquino Ley N° 19.880 sobre Procedimientos Administrativos, 1, Santiago, 19 de noviembre de 2003 
999 |c 384086  |d 384084 
952 |0 0  |1 0  |4 0  |6 342_830660000000000_UNI_2003  |7 0  |8 A  |9 506529  |a BIBDER  |b BIBDER  |d 2020-01-23  |i 4196783  |o 342.83066 UNI 2003  |p 4196783  |r 2020-01-23  |w 2020-01-23  |y BK  |k DER 
952 |0 0  |1 0  |4 0  |6 342_830660000000000_UNI_2003  |7 0  |8 A  |9 506530  |a BIBDER  |b BIBDER  |d 2020-01-23  |i 4196791  |l 1  |m 2  |o 342.83066 UNI 2003  |p 4196791  |r 2023-01-25  |s 2021-11-17  |w 2020-01-23  |y BK  |k DER